00417nam a2200145Ia 4500100003500000942000700035654001300042245003300055260002800088082002000116300000800136546001200144999001700156952009800173 aStones/ Richard/ Mathew/ Neil  cRB acomputer aBegining Linux Programming bShroff Publishersc1999 a005.133'L'bMAT a945 aENGLISH c31900d31900 001040708CRCaCRCEbCRCEd2023-03-17l0o005.133'L' MATp11703r2023-03-17w2023-03-17yRB